| 000 | 00389nam a2200157 i 4500 | ||
|---|---|---|---|
| 001 | 83796 | ||
| 003 | ES-MaACL | ||
| 005 | 20230906174908.0 | ||
| 007 | t| | ||
| 008 | 041118s1968 sp ||||1| baq d | ||
| 110 | 2 |
_aISOLUX-DELLE-SPRECHER. _95289 |
|
| 245 | 1 | 0 | _aCatálogo. |
| 260 |
_aMadrid : _b[s.n., _c1968] |
||
| 300 |
_a3 t. en 1 v. ; _c21 cm. |
||
| 852 |
_aES-MaACL _jC-48522 _bR.69335 |
||
| 999 |
_c83796 _d83796 |
||